| 000 | 00730cam a2200277 4500 | ||
|---|---|---|---|
| 001 | J106703 | ||
| 008 | 000000n1999 000 0 eng u | ||
| 035 | _a(Sirsi) u106703 | ||
| 041 | _aENG | ||
| 050 | _a333.337016 | ||
| 110 |
_aDonaldsons _93333 |
||
| 245 | 4 | _aThe shopping centre index commentary - 1999 | |
| 260 |
_aLondon _bDonaldsons _c1999 |
||
| 300 | _a12p. : ill. ; 30cm. | ||
| 650 | _aCAPITAL VALUES | ||
| 650 | _aOVER-RENTING | ||
| 650 | _aPROPERTY INDEXES | ||
| 650 | _aRENTAL VALUES | ||
| 650 | _aRETAIL WAREHOUSES | ||
| 650 | _aSHOPPING CENTRE INDEX | ||
| 650 | _aSHOPPING CENTRES | ||
| 650 | _aSHOPS | ||
| 650 | _aVOIDS | ||
| 690 | _aPROPERTY-COMMERCIAL PROPERTY-RETAIL PROPERTY | ||
| 942 | _n0 | ||
| 999 |
_c100608 _d100608 |
||